=LDR 00000nam 2200000 4500 =001 INLIS000000000026567 =005 20130612125013 =008 ***********************************Ind** =035 ##$$0010-061300000026567 =041 ##$$a Ind =082 ##$$a 2X1.5 =090 ##$$a 2X1.5, Mar y =100 ##$$a Marhaban, Musadiq =245 ##$$a Yudas penghianat atau penyelamat, Tinjaun kitab suci dan sejarah6cmusadeq Marhaban =260 ##$$a 2006 $b Jakarta =300 ##$$a 396 hlm, 25 cm =650 ##$$a Al- Quran - Kritik =850 ##$$a NBPNMAT